| 000 | 00558nam a22001577a 4500 | ||
|---|---|---|---|
| 003 | ASAB | ||
| 005 | 20180827062830.0 | ||
| 008 | 180509t xxu||||| |||| 00| 0 eng d | ||
| 040 | _cASAB | ||
| 100 |
_aAyesha Obaid-Sup-Dr. Muhammad Yameen _93807 |
||
| 245 |
_aTH-MS-Cloning and Expression of HCV -3a NS3Full length, NS3helicase and NS3protease Proteins in Kluyveromyces lactis _cAyesha Obaid-Sup-Dr. Muhammad Yameen |
||
| 260 |
_aIslamabad _bASAB (NCVI) _c2011 |
||
| 300 |
_aXXII, 89 P _b30 cm |
||
| 630 |
_aVirology and Immunology _93808 |
||
| 942 |
_2ddc _cTH |
||
| 999 |
_c480802 _d480802 |
||